00409nam a2200133 a 450000100100000000500170001000800410002704000250006808200220009324500840011525000110019926000380021030000270024800003113120200930062726.0110614s1995 dr a 000 0 spa d aDO-SdBNPbspacBNPHU axxxxbC961v, 199500aCuando de vaca se trata... :bmanual para crianza y cuidado del ganado vacuno/. a2a ed. aSanto Domingo :bCe-Mujer,c1995. a54 p. :bspa ;c27 cm.